Gestão do clima organizacional / (Record no. 937)

MARC details
000 -LÍDER
Campo Fixo de Controle 00803nam a2200265 a 4500
001 - NÚMERO DE CONTROLE
Campo de Controle 937
003 - IDENTIFICAÇÃO DO NÚMERO DE CONTROLE
Campo de Controle BR-CuiBMT
005 - DATA E HORA DA ÚLTIMA ATUALIZAÇÃO
Campo de Controle 20231213125455.0
008 - DADOS FIXOS
Dados Fixos 231123b2007 rjba 000 0 por d
020 ## - INTERNATIONAL STANDARD BOOK NUMBER
Nº do ISBN 9788573037371
040 ## - AGÊNCIA CATALOGADORA
Código da Agência Catalogadora BR-CuiBMT
Agência que transcreveu o registro BR-CuiBMT
080 ## - Nº DA CLASSIFICAÇÃO DECIMAL UNIVERSAL
Nº edição CDU 2007
Nº Class. CDU 658.3
090 ## - NÚMERO DE CHAMADA
Nº classificação 658.3
Cutter L979g
100 1# - ENTRADA PRINCIPAL -- AUTOR PESSOAL
Nome pessoal Luz, Ricardo
245 10 - TÍTULO PRINCIPAL
Título principal Gestão do clima organizacional /
Indicação de responsabilidade Ricardo Luz.
260 ## - PUBLICAÇÃO, DISTRIBUIÇÃO, ETC.
Local de publicação Rio de Janeiro :
Editora Qualitymark,
Data 2007.
300 ## - DESCRIÇÃO FÍSICA
N. páginas ou volumes 142 p. :
Ilustrações il. ;
Dimensões 23 cm
504 ## - NOTA DE BIBLIOGRAFIA, ETC.
Nota de bibliografia Inclui bibliografia.
590 ## - NOTA LOCAL
Nota local A Biblioteca possui a 3. reimpr. 2007 e a 6. reimpr. 2012.
650 ## - ASSUNTO TÓPICO
Cabeçalho tópico ou nome geográfico Relações humanas
Subdivisão geral Administração
650 ## - ASSUNTO TÓPICO
Cabeçalho tópico ou nome geográfico Comportamento organizacional
650 ## - ASSUNTO TÓPICO
Cabeçalho tópico ou nome geográfico Desenvolvimento organizacional
650 ## - ASSUNTO TÓPICO
Cabeçalho tópico ou nome geográfico Gestão por competências
942 ## - ELEMENTOS DE ENTRADA ADICIONAIS (KOHA)
Fonte de classificação ou esquema de arquivamento Classificação Decimal Universal
Tipo de item do Koha Livros
Holdings
Estado: removido Estado: perdido Fonte de classificação ou esquema de arquivamento Estado: danificado Indisponível para empréstimo Localização permanente Localização atual Data de aquisição Total Checkouts Número de Chamada completo Código de barras Date last seen Número do exemplar Preço efetivo a partir de Tipo de item (Koha) Nota pública
    Classificação Decimal Universal     Biblioteca da Escola Superior de Contas do TCE/MT Biblioteca da Escola Superior de Contas do TCE/MT 23/09/2008   658.3 L979g BIBTCEMT23110977 23/11/2023 Ex. 1 23/11/2023 Livros 3. reimpr. 2007
    Classificação Decimal Universal     Biblioteca da Escola Superior de Contas do TCE/MT Biblioteca da Escola Superior de Contas do TCE/MT 02/04/2013   658.3 L979g BIBTCEMT23110979 23/11/2023 Ex. 2 23/11/2023 Livros 6. reimpr. 2012

Powered by Koha